| 000 | 00550nam a22002057a 4500 | ||
|---|---|---|---|
| 005 | 20170124110249.0 | ||
| 010 | _aB-126266 | ||
| 020 | _c00.00 | ||
| 035 | _aB-126266 | ||
| 037 | _bCen Lib/Ret | ||
| 040 |
_aDPL _bEN |
||
| 082 |
_a000 _bSPE |
||
| 245 | _aSpectram handbook general studies / | ||
| 260 |
_a[s.l.] _c[s.n.] |
||
| 270 | _b[s.l.] | ||
| 300 |
_avarious pagings _c25cm(Hb) |
||
| 650 |
_aGeneral studies -- Examination book _998435 |
||
| 650 |
_aAptitude test -- Reasioning _998436 |
||
| 942 |
_2ddc _cEN _h000 _mSPE |
||
| 999 |
_c135780 _d135780 |
||